LEADER 00986nam0-22003011i-450- 001 990005482370403321 005 20070709112904.0 035 $a000548237 035 $aFED01000548237 035 $a(Aleph)000548237FED01 035 $a000548237 100 $a19990604d1971----km-y0itay50------ba 101 0 $aita 105 $ay-------001yy 200 1 $aGenova e Aragona all'epoca di Pietro il Cerimonioso$fGiuseppe Meloni 210 $aPadova$cCEDAM$d1971 215 $a2 v.$d25 cm 225 1 $aPubblicazioni dell'Istituto di storia medioevale e moderna dell'Università degli Studi di Cagliari$v16 676 $a945.182 700 1$aMeloni,$bGiuseppe$f<1947- >$0212111 801 0$aIT$bUNINA$gRICA$2UNIMARC 901 $aBK 912 $a990005482370403321 952 $a945.182 MEL 1(1)$bST.MED.MOD. 7619$fFLFBC 952 $a945.182 MEL 1(2)$bST.MED.MOD. 8948$fFLFBC 959 $aFLFBC 996 $aGenova e Aragona all'epoca di Pietro il Cerimonioso$9590183 997 $aUNINA LEADER 00954nam0-22003251i-450- 001 990004626860403321 005 20060213121106.0 010 $a88-7228-099-0 035 $a000462686 035 $aFED01000462686 035 $a(Aleph)000462686FED01 035 $a000462686 100 $a19990604d1992----km-y0itay50------ba 101 0 $aita 105 $aa-------00--- 200 1 $a<>tomba del vaso dei Niobidi di Arpi$fEttore M. De Juliis 210 $aBari$cEdipuglia$d1992 215 $a141 p.$c393 ill.$d30 cm 225 1 $aAdrias$v4 610 0 $aCeramiche$aArpi$aSec. 4. a. C. 610 0 $aArpi$aTomba dei Niobidi 676 $a738.309377$v21$zita 700 1$aDe Juliis,$bEttore M.$f<1940- >$040048 801 0$aIT$bUNINA$gRICA$2UNIMARC 901 $aBK 912 $a990004626860403321 952 $a738.3 CATALOGHI 5$bDip.d.s.6455$fFLFBC 959 $aFLFBC 996 $aTomba del vaso dei Niobidi di Arpi$9283761 997 $aUNINA